000 00969nas a2200301 4500
001 BR2015006547
003 BR-BrBNA
005 20231205125920.0
007 ta
008 230509b bl.|||p| |||| 00| 00por d
040 _aBR-BrBNA
_bpor
_cBiblioteca Nacional de Agricultura
041 _a(En)
072 _aP40
100 1 _aMenezes, O.M.
100 1 _aCollicchio, E.
100 1 _aPereira, E.Q.
100 1 _aAzevedo, M.I.R.
245 1 _aEdapho-climatic zoning for Eucalyptus urograndis in the state of Tocantins, Brazil
650 _aZONEAMENTO CLIMATICO
650 _aEUCALIPTO
650 _aSENSORIAMENTO REMOTO
650 _aSISTEMA DE INFORMACAO
650 _aFLORA EDAFICA
773 0 _tJournal of Bioenergy and Food Science (Brazil)
_xISSN 2359-2710
_g(2015), v. 2(2) p. 62-71
_wBR2015006547
856 4 0 _uhttp://periodicos.ifap.edu.br/index.php/JBFS/article/view/36/47
909 _a202311
_bLúcia
_c55
_dLúcia Elande
942 _2AGRIS
_n0
_cANA
999 _c246871
_d246871